| 000 | 01236nam a2200265Ia 4500 | ||
|---|---|---|---|
| 001 | 23714 | ||
| 003 | GE_BSU | ||
| 008 | 181216s||||||||xx |||||||||||||| ||und|| | ||
| 040 | _cGE_BSU | ||
| 080 | _a94(479.22) | ||
| 100 | _aჯავახიშვილი, ი. (ივანე, 1876-1940) | ||
| 245 | _aქართველი ერის ისტორია. წ. 1. | ||
| 245 | _cს. ყაუხჩიშვილის, დ. გვრიტიშვილის და შ. მესხიას შესავალი წერილით. რედ. ს. ყაუხჩიშვილი | ||
| 250 | _aმე-5 გამოცემა. | ||
| 260 | _aთბილისი | ||
| 260 | _bთბილ. უნ-ტის გამ-ბა | ||
| 260 | _c1960 | ||
| 300 | _a503 გვ. : 1 ფ. პორტრ. 24 სმ. | ||
| 300 | _cბიბლიოგრ. შენიშვნებში. საძიებლ. გვ. 470-496 | ||
| 520 | _aდამატ. თავფურც. რუს. ენაზე. | ||
| 541 | _h6 ლ. | ||
| 653 | _aსაქართველოს ისტორია | ||
| 653 | _aქართველი ერის ისტორია. წ. 1. | ||
| 942 | _cBK | ||
| 999 |
_c56598 _d56598 |
||